| 000 | 00970nam a2200229Ia 4500 | ||
|---|---|---|---|
| 001 | 236-MOR so (11704) | ||
| 003 | IT-MiSPE | ||
| 008 | 171229s9999||||xx |||||||||||||| ||und|| | ||
| 040 |
_aIT-MiSPE _cIT-MiSPE |
||
| 041 | _aITALIANO | ||
| 100 | _aXavier Tilliette | ||
| 245 | 0 |
_aMorte e sopravvivenza _bIn dialogo con Xavier Tilliette |
|
| 250 | _a1a ed. (v) | ||
| 260 |
_aRoma _bAVE _c1995 |
||
| 300 |
_a434 p. _c21 cm |
||
| 490 |
_aSaggi _v32 |
||
| 501 | _aEdizioni San Paolo srl - Piazza Soncino, 5 - 20092 CINISELLO BALSAMO (MI) (non commercial uses only) ® Copyright 2018 | ||
| 700 | _aGiuseppe Lorizio | ||
| 942 | _cBK | ||
| 957 | _71 | ||
| 999 |
_a10663 _bNO _g Copie: 1 _c341313 _d341313 |
||